Google's Year in Search 2025 (Sports Teams) - Statistics

General Stats
  • This quiz has been taken 4 times
  • The average score is 2 of 10
Answer Stats
# Sport Continent Sports team % Correct
8 Basketball North America Oklahoma City Thunder
50%
1 Association football Europe Paris Saint-Germain FC
50%
4 Cricket Asia Punjab Kings
50%
3 Baseball North America Toronto Blue Jays
50%
5 Cricket Asia Delhi Capitals
25%
6 Cricket Asia Gujarat Titans
0%
9 Basketball North America Indiana Pacers
0%
7 Cricket Asia Lucknow Super Giants
0%
10 Baseball North America Seattle Mariners
0%
2 Association football Europe S.L. Benfica
0%
No matching quizzes found
Score Distribution
Percent of People with Each Score
Percentile by Number Answered
Your Score History
You have not taken this quiz